000 00764nam a2200265Ia 4500
003 OSt
005 20220925223956.0
006 a|||||r|||| 00| 0
007 ta
008 220923b |||||||| |||| 00| 0 eng d
020 _a9780133479690
037 _cGeneral Book
040 _aRTL
_cRTL
_beng
041 _2eng
_aeng
082 _aX:271:(G:55), Q5;Q6
100 _aTIETNBERG Tom
_9290647
245 0 _aEnvironmental and natural resource economics
250 _a10th
260 _aLondon
_bRoutledge
_c2016
300 _axxxvi,606p
_ccm.
490 _aWorld Bank Working Paper No. 190
700 _a LEWIS Lynne
_9290648
942 _hX:271:(G:55), Q5;Q6
_cGB
_2CC
999 _c580755
_d580755